000 00317nam a2200109Ia 4500
001 1286764
005 20260417164403.0
008 260417s9999 xx 000 0 und d
020 _a9786258317947
245 0 _aHayvanlar Aleminden Masallar - 6 Köpük ve Pati'nin Hatası
_cYasemin Katı
260 _bBeyan Yayınları
999 _c1286764
_d1286764